| 000 | 00446nam a2200169Ia 4500 | ||
|---|---|---|---|
| 008 | 221030s9999 xx 000 0 und d | ||
| 041 | _aEnglish | ||
| 082 |
_a105.23 _bJai |
||
| 100 | _aM. K. Jain | ||
| 245 | 0 | _aNumerical Methods For Scientific & Engineering Computation | |
| 260 |
_bNew Age International Pub _aNew Delhi _c1996 |
||
| 300 | _a454 | ||
| 650 | _aBE Computer | ||
| 700 | _aR. K. Jain | ||
| 700 | _aS. R. K. Iyenger | ||
| 942 | _cBK | ||
| 999 |
_c1007 _d1007 |
||